000 00599nam a2200217Ia 4500
003 GCL
008 140319s9999 xx 000 0 ara d
040 _aGCL /
_cGCL
082 0 4 _a956.91
_bم ق
100 1 _aمحمود العابدى
245 1 0 _aقدسنا /
_cمحمود العابدى
300 _a294 ص
490 _a
650 0 4 _aالنزاع العربى الاسرائيلى
650 0 4 _aفلسطين
650 0 4 _aالاحتلال الصهيونى
650 0 4 _aالقدس
650 0 4 _aفتح بيت المقدس
650 0 4 _aفلسطين - تاريخ
942 _2ddc
_cBK
999 _c45199
_d45199